[Event "IECC M email"]
[Site "IECC email"]
[Date "1998.07.04"]
[Round "?"]
[White "Everts, Tammie"]
[Black "Backhouse, Darren"]
[Result "0-1"]
[WhiteElo "1000"]
[BlackElo "1000"]
[PlyCount "32"]
[EventDate "1998.??.??"]
[EventType "tourn (corr)"]
[EventRounds "12"]
[SourceTitle "Corr 2008"]
[Source "ChessBase"]
[SourceDate "2008.06.24"]
[SourceVersion "1"]
[SourceVersionDate "2008.06.24"]
[SourceQuality "1"]

1. e4 e5 2. Nf3 Nc6 3. Bb5 a6 4. Bxc6 dxc6 5. 0-0 f6 6. d4 exd4 7. Nxd4 c5 8. Nb3 Qxd1 9. Rxd1 Bd7 10. Bf4 0-0-0 11. Nc3 f5 12. Nd5 fxe4 13. Nxc7 Nf6 14. Ne6 Bxe6 15. Rxd8+ Kxd8 16. Nxc5 Bxc5 0-1